|
|
|
|
| LEADER |
00000nab a2200000 a 4500 |
| 001 |
vtls000493971 |
| 003 |
SK-MaSNL |
| 005 |
20260319074154.0 |
| 008 |
160202c1993 xo 0 hun |
| 015 |
|
|
|a SNBRB19rr/mm-uuuuu
|
| 035 |
|
|
|a CL0494109
|
| 040 |
|
|
|a SNKBUCL
|b slo
|c SNKBUCL
|e AACR2
|
| 041 |
0 |
|
|a hun
|
| 044 |
|
|
|a xo
|c SK
|
| 080 |
|
|
|a 800.6:809.451.1:061.7
|2 1981
|
| 080 |
|
|
|a 809.451.1-06
|2 1981
|
| 100 |
1 |
|
|a Dusza, István
|4 aut
|9 280237
|
| 245 |
1 |
0 |
|a Kérdés kérdést szül
|b Jegyzetek a 24. Kazinczy Napokról és egyebekről
|c István Dusza
|
| 650 |
0 |
7 |
|a Kazinczyho dni 1993, Košice (dni jazykovej kultúry)
|2 snkbucl
|9 983917
|
| 651 |
|
7 |
|a 5403
|2 snkbucl
|9 893808
|
| 655 |
|
7 |
|a články z novín a časopisov
|2 snkbucl
|9 267496
|
| 773 |
0 |
|
|t Új szó
|g Roč. 46, č. 74 (30. 3. 1993), s. 5
|
| 850 |
|
|
|a Slovenská národná knižnica v Martine
|a MTA001
|
| 852 |
|
|
|a SNK
|b KIS3GCP
|
| 958 |
|
|
|a RK
|
| 958 |
|
|
|a HU
|
| 992 |
|
|
|a RBX
|
| 999 |
|
|
|c 1578747
|d 1580677
|